00564nas a2200193 4500001001000000003000400010005001700014008004100031040002500072043000900097245002800106260006200134300002200196310001800218362003700236500006500273942001500338999001700353000037017DLC20240830121223.0120208c20069999dr tr1p dd 0 0spa d aDO-SdBNPbspacBNPHU anwdr00aRevista ciencias salud. aSanto Domingo :bFacultad de Ciencias de la Salud (UASD). av. :bil., retrs. aCuatrimestral aV. 3. No. 1 (enero - abril 2006) aCatalogación basada en el V. 3. No. 1 (enero - abril 2006) 2ddccISSUE c36507d36507